Giải pháp phát triển du lịch huyện Phong Điền thành phố Cần Thơ trên cơ sở các sản phẩm OCOP tiềm năng : Luận văn tốt nghiệp Cao học. Chuyên ngành Kinh tế nông nghiệp
Đánh giá thực trạng du lịch và đề xuất giải pháp phát triển ngành du lịch của huyện Phong Điền thành phố Cần Thơ trên cơ sở các sản phẩm tiềm năng của huyện Phong Điền thành phố Cần Thơ.
Guardado en:
| Autor principal: | |
|---|---|
| Formato: | Libro |
| Lenguaje: | Undetermined |
| Publicado: |
Cần Thơ
Trường Đại học Cần Thơ
2019
|
| Materias: | |
| Etiquetas: |
Agregar Etiqueta
Sin Etiquetas, Sea el primero en etiquetar este registro!
|
| Thư viện lưu trữ: | Trung tâm Học liệu Trường Đại học Cần Thơ |
|---|
| LEADER | 01225nam a2200229Ia 4500 | ||
|---|---|---|---|
| 001 | CTU_231903 | ||
| 008 | 210402s9999 xx 000 0 und d | ||
| 082 | |a 338.4791 | ||
| 082 | |b Ch312 | ||
| 088 | |a 8620115 | ||
| 100 | |a Đặng, Diễm Chinh | ||
| 245 | 0 | |a Giải pháp phát triển du lịch huyện Phong Điền thành phố Cần Thơ trên cơ sở các sản phẩm OCOP tiềm năng : | |
| 245 | 0 | |b Luận văn tốt nghiệp Cao học. Chuyên ngành Kinh tế nông nghiệp | |
| 245 | 0 | |c Đặng Diễm Chinh ; Võ Thành Danh (Cán bộ hướng dẫn) | |
| 260 | |a Cần Thơ | ||
| 260 | |b Trường Đại học Cần Thơ | ||
| 260 | |c 2019 | ||
| 520 | |a Đánh giá thực trạng du lịch và đề xuất giải pháp phát triển ngành du lịch của huyện Phong Điền thành phố Cần Thơ trên cơ sở các sản phẩm tiềm năng của huyện Phong Điền thành phố Cần Thơ. | ||
| 650 | |a Tourism,Du lịch | ||
| 650 | |x Industry and trade,Công nghiệp và thương mại | ||
| 910 | |b nthai | ||
| 980 | |a Trung tâm Học liệu Trường Đại học Cần Thơ | ||